=LDR 00000nam 2200000 4500 =001 INLIS000000000052495 =005 20180214072549 =035 ##$$a 0010-0218000191 =007 ta =008 180214###########################0###### =020 ##$$a 978 - 979 - 28 - 1421 - 7 =082 ##$$a 420.07 =084 ##$$a 420.07 BAC b =100 #$$a Bachtiar Bima Ni =245 1#$$a Bahasa inggris : $b Mata pelajaran wajib untuk SMA, SMK, MA dan MAK kelas x semester 1 /$c Bachtiar Bima Ni =260 ##$$a Klaten :$b Intan Pariwara,$c 2016 =300 ##$$a vi, 122 hlm. : $b ilus ; $c 28 cm. =650 ##$$a Bhasa Inggris- study dan pengajaran =504 ##$$a Bibliogtafi : hlm 122 =990 ##$$a 35983598 =990 ##$$a 35983598 =990 ##$$a 35983598 =990 ##$$a 35983598 =990 ##$$a 35983598 =990 ##$$a 21708571 =990 ##$$a 01201803598 =990 ##$$a 01201803599 =990 ##$$a 01201803600 =990 ##$$a 01201803601 =990 ##$$a 21708572 =990 ##$$a 01201803598 =990 ##$$a 01201803599 =990 ##$$a 01201803600 =990 ##$$a 21708571 =990 ##$$a 21708573 =990 ##$$a 01201803598 =990 ##$$a 01201803599 =990 ##$$a 21708572 =990 ##$$a 21708571 =990 ##$$a 21708574 =990 ##$$a 01201803598 =990 ##$$a 21708573 =990 ##$$a 21708572 =990 ##$$a 21708571 =990 ##$$a 21708575 =990 ##$$a 21708574 =990 ##$$a 21708573 =990 ##$$a 21708572 =990 ##$$a 21708571